1141 1604 1529 1772 1425 1933 1072 1431 1414 1604 1810 1866 1996 1661 1859 1955 1810 1463 1955 1702 1385 1833 1235 1926 1008 1458 1055 1259 1215 1606 1287 1074 1118 1435 1772 1452 1772 1614 1548 1657 1068 1375 1438 1174 1555 1728 1340 1939 1339 1531 1511 1267 1267 1290 1421 1372 1061 1615 1382 1153 1569 1779 1684 1367 1090 1133 1882 1885 1282 1965 1121 1194 1083 1684 1598 1403 1719 1076 1900 1425 1342 1592 1960 1373 1651 1947 1673 1956 1950 1222 1476 1714 1808 1597 1234 1697 1581 1801 1766 BCNSPRNW ULIB Ver.6.0+V

เปลี่ยนเป็นภาษาไทย

Change to English
 แสดงรายละเอียดบรรณานุกรม
  กลับหน้าหลัก

Brief Record : Get Marc (ISO 2709) : E-mail record : QR code < ปิดหน้าต่าง
LEADER : 00000nam 2200000uu 4500
001    13399124520
003     ULIB
008    150819s2548||||th 000 0 tha d
020    9789741332687
050  4 LB1025.3^bท512ร
100 0  ทิศนา แขมมณี
245 00 รูปแบบการเรียนการสอน:ทางเลือกที่หลากหลาย^c ทิศนา แขมมณี
945    ^p80^l0^i020394
999    ^aเกษร โพธิ์สุวรรณ
รายการนี้ยังไม่มีแท็ก
คุณยังไม่ได้ล็อกอิน คุณสามารถมีกิจกรรมร่วมกับเว็บไซต์ได้ แต่ต้องล็อกอินก่อน ::
  ล็อกอิน

รายการสื่อสารสนเทศ

ลำดับที่ ประเภท เลขเรียก/บาร์โค้ด สถานที่ สถานะ
1. การศึกษาทั่วไป
การศึกษาทั่วไป
LB1025.3 ท512ร ฉ.1 
  Barcode: 020394
ห้องสมุดวิทยาเขตสวรรค์ประชารักษ์
►หนังสือทั่วไป
บนชั้น

รายการใกล้เคียง
    ผู้แต่ง [ทิศนา แขมมณี]

BibComment


ยังไม่เคยถูกคอมเมนท์

คอมเมนท์ทรัพยากรรายการนี้
  คอมเมนท์: รูปแบบการเรียนการ..


 Copyright 2026. Bcnsprnw @Library